|
|
|
|
| LEADER |
00597nam a2200169 a 4500 |
| 005 |
20151028162251.0 |
| 008 |
960221s1955 dcuabcdjdbkoqu001 0deng d |
| 003 |
ViArRB |
| 100 |
|
|
|a Mukhopadhyay, S. N.
|9 11939
|
| 245 |
|
|
|a Process biotechnology fundamentals/2nd ed.
|
| 250 |
|
|
|a 2nd ed.
|
| 653 |
|
|
|a Biotechnology
|a Genetic engineering
|a Biosensors
|a Bioproducts
|a Bioreactors
|
| 942 |
|
|
|c BK
|6 _
|
| 942 |
|
|
|c BK
|
| 260 |
|
|
|a New Delhi
|b Viva Books
|c 2004
|
| 999 |
|
|
|c 78469
|d 78469
|
| 952 |
|
|
|0 0
|1 0
|2 ddc
|4 0
|6 660688_P42
|7 0
|9 91709
|a SOS
|b SOS
|d 2009-11-06
|l 1
|o 660.688 P42
|p MS013096
|r 2013-06-14
|s 2013-04-01
|w 2009-07-13
|y BK
|